Sự hài long của các bên liên quan đối với chương trình bồi dưỡng phương pháp dạy học tiếng anh dành cho giáo viên trung học cơ sở thuộc đề án ngoại ngữ quốc gia /
Spremljeno u:
| Glavni autor: | |
|---|---|
| Daljnji autori: | , |
| Format: | Članak |
| Jezik: | Vietnamese |
| Teme: | |
| Oznake: |
Dodaj oznaku
Bez oznaka, Budi prvi tko označuje ovaj zapis!
|
| Thư viện lưu trữ: | Thư viện Trường Đại học Đà Lạt |
|---|
| LEADER | 01011nam a2200289 4500 | ||
|---|---|---|---|
| 001 | DLU190190880 | ||
| 005 | ##20190505 | ||
| 040 | # | # | |a DLU |b vie |
| 041 | # | # | |a vie |
| 044 | # | # | |a vn |
| 100 | # | # | |a Nguyễn Việt Hùng. |
| 245 | # | # | |a Sự hài long của các bên liên quan đối với chương trình bồi dưỡng phương pháp dạy học tiếng anh dành cho giáo viên trung học cơ sở thuộc đề án ngoại ngữ quốc gia / |c Nguyễn Việt Hùng, Cao Duy Trinh, Bùi Văn Hậu. |
| 653 | # | # | |a Giáo viên |
| 653 | # | # | |a Phương pháo dạy học |
| 653 | # | # | |a Tiếng Anh |
| 700 | # | # | |a Bùi Văn Hậu |
| 700 | # | # | |a Cao Duy Trinh |
| 773 | # | # | |t Tạp chí Giáo dục |g Số 418, 2017, tr. 58-60 |
| 920 | # | # | |a Phòng Tạp chí -- Trung tâm Thông tin - Thư viện Trường Đại học Đà Lạt |
| 994 | # | # | |a DLU |
| 900 | # | # | |a True |
| 911 | # | # | |a Trần Thị Minh Hương |
| 925 | # | # | |a G |
| 926 | # | # | |a A |
| 927 | # | # | |a BB |
| 980 | # | # | |a Thư viện Trường Đại học Đà Lạt |